000 00259nam a22001217a 4500
008 170519b xxu||||| |||| 00| 0 eng d
041 _aeng
080 _a94
100 _a16
101 _aSHH
245 _aOUR TIMES 1900=1925
_cSULLIVAN, M
942 _2udc
_cBK
999 _c13487
_d13487